Missing Links: Golf Courses Quiz Stats

 Plays Quiz not verified by Sporcle

Support Sporcle.
Go Orange.
Score 0/20 Timer 04:00
0 Plays Today
Golf Course Missing Word % Correct
Pebble ___Beach
99.9%
Augusta ___National
96.6%
TPC ___Sawgrass
77.5%
The Olympic ___Club
76%
___ FootWinged
72.8%
Whistling ___Straits
72.7%
Crooked ___Stick
60.6%
Cypress ___ ClubPoint
54.5%
Pine ___Valley
49.1%
Olympia ___Fields
39.6%
Golf Course Missing Word % Correct
Pacific ___Dunes
33.8%
Sand ___Hills
26.5%
Shadow ___Creek
24.9%
Castle ___Pines
23.3%
Double ___ ClubEagle
12.4%
Bandon ___Trails
11.2%
Friar's ___Head
11%
___ Island ClubFishers
9.6%
Rich ___ LinksHarvest
6.8%
Old ___Sandwich
4.8%

You're not logged in!

Compare scores with friends on all Sporcle quizzes.
OR
Log In

From the Vault

Commonest Beatles Words

by Anonymous

If you get stuck, just start singing the songs - sadly submarine was not on here.
Remove Ads.
Support Sporcle.
Get the best of Sporcle when you Go Orange. This ad-free experience offers more features, more stats, and more fun while also helping to support Sporcle. Thank you for becoming a member.

Show Comments

Extras

Top Quizzes Today


Score Distribution

Your Account Isn't Verified!

In order to create a playlist on Sporcle, you need to verify the email address you used during registration. Go to your Sporcle Settings to finish the process.

Report this User

Report this user for behavior that violates our Community Guidelines.

Details: